HAND BOOK OF FORENSIC MDEDICINE & TOXICOLOGY (Record no. 498)

MARC details
000 -LEADER
fixed length control field 00371nam a2200145Ia 4500
008 - FIXED-LENGTH DATA ELEMENTS--GENERAL INFORMATION
fixed length control field 150201s2009 xx 000 0 und d
082 ## - DEWEY DECIMAL CLASSIFICATION NUMBER
Classification number 614.1
Item number H09C
100 ## - MAIN ENTRY--PERSONAL NAME
Personal name CHADA,P VIJAY
245 ## - TITLE STATEMENT
Title HAND BOOK OF FORENSIC MDEDICINE & TOXICOLOGY
250 ## - EDITION STATEMENT
Edition statement 5TH
260 ## - PUBLICATION, DISTRIBUTION, ETC. (IMPRINT)
Name of publisher, distributor, etc. JAYPEE BROTHERS
Place of publication, distribution, etc. DELHI
Date of publication, distribution, etc. 2009
300 ## - PHYSICAL DESCRIPTION
Extent 1-336
650 ## - SUBJECT ADDED ENTRY--TOPICAL TERM
Topical term or geographic name as entry element FORENSIC MEDICINE
942 ## - ADDED ENTRY ELEMENTS (KOHA)
Source of classification or shelving scheme Dewey Decimal Classification
Koha item type Books
Koha issues (borrowed), all copies 3
Holdings
Withdrawn status Lost status Source of classification or shelving scheme Damaged status Not for loan Collection code Home library Current library Shelving location Date acquired Source of acquisition Cost, normal purchase price Serial Enumeration / chronology SGTU Bill Number Total Checkouts Full call number Barcode Date last seen Bill Date Koha item type Date last checked out
    Dewey Decimal Classification     MEDICAL SGT Medical Library SGT Medical Library Text Book 25/02/2010 U.B.S. DELHI 195.00 I SGTU 7637   614.1 H09C FM2357 25/01/2018 01/04/2011 Books  
    Dewey Decimal Classification     MEDICAL SGT Medical Library SGT Medical Library Text Book 25/02/2010 U.B.S. DELHI 195.00 I SGTU 7637 1 614.1 H09C FM2358 12/01/2018 01/04/2011 Books 21/12/2017
    Dewey Decimal Classification     MEDICAL SGT Medical Library SGT Medical Library Text Book 25/02/2010 U.B.S. DELHI 195.00 I SGTU 7637 11 614.1 H09C FM2359 22/12/2025 01/04/2011 Books 19/12/2025